000 00848nam a2200241 i 4500
001 184751
003 ES-MaACL
005 20231127112321.0
008 151127s2015 sp |||| | spa d
020 _a978-84-943883-3-0
080 _a821.134.2-31"19"
100 1 _aMadrigal, Alfonso
_c(seud.)
_9142376
245 1 0 _aOtro destino para Fedra /
_cAlfonso Madrigal.
260 _aSalobreña, Granada :
_bAlhulia,
_c[2015]
300 _a219 p. ;
_c21 cm.
490 1 _aCrisálida narrativa ;
_v185
830 0 _aCrisálida narrativa ;
_v185
_9191393
852 _aES-MaACL
_jA-13654
_9191763
_bR.150950
_cDEPO1
_dOlim: N-6654
_g Dedicatoria autógrafa del autor
_hDonación: Alfonso Madrigal
903 _9142376
_aMadrigal, Alfonso
_c(seud.)
_ednr
942 _2udc
_cMONOGRAFIA
999 _c184751
_d184751